000 00564nam a22001817a 4500
003 OSt
005 20251230171010.0
008 220302b ||||| |||| 00| 0 eng d
020 _a9789671522776
040 _cjmg
082 0 4 _a333.7509595
245 0 0 _aSARAWAK FOREST POLICY
260 _aSarawak :
_bForest Department Sarawak,
_c2020
300 _a57 pages :
_bcolour illustrations, photographs ;
_c25 cm
650 1 0 _aForest policy
_zMalaysia
_zSarawak
650 2 0 _2Forest management
_zMalaysia
_zSarawak
942 _2ddc
_cBK
_e22
_h333.7509595
999 _c24688
_d24688